[Event "SR 2. liga A 2016/2017"]
[Site "?"]
[Date "2018.01.13"]
[Round "5.6"]
[White "Soldan, Jan"]
[Black "Zacik, Anton"]
[Result "0-1"]
[WhiteElo "1785"]
[BlackElo "1909"]
[PlyCount "128"]
[EventDate "2017.??.??"]
[WhiteTeam "SK Modra B"]
[BlackTeam "SK Krasnany"]

1. e4 c5 2. Nf3 e6 3. d4 cxd4 4. Nxd4 Nf6 5. Bd3 e5 6. Nf3 Nc6 7. Bg5 Be7 8.
Nc3 a6 9. O-O O-O 10. Kh1 d6 11. h3 Be6 12. Qd2 Nb4 13. Be2 Qc7 14. a3 Nc6 15.
Bxf6 Bxf6 16. Nd5 Bxd5 17. exd5 Ne7 18. c3 Ng6 19. Rad1 Be7 20. Kh2 Qd7 21. g3
Rae8 22. Ng1 e4 23. f4 exf3 24. Nxf3 Bf6 25. Bd3 Ne5 26. Nxe5 Bxe5 27. Bf5 Qb5
28. Bd3 Qc5 29. Qg5 g6 30. Qh4 Bg7 31. Qc4 Qe3 32. Qf4 Qc5 33. Qc4 Qxc4 34.
Bxc4 Re3 35. Rde1 Rfe8 36. Rxe3 Rxe3 37. Rf2 Be5 38. Rg2 b5 39. Bb3 Kf8 40. h4
Ke7 41. Bd1 f5 42. h5 gxh5 43. Bxh5 Rd3 44. Kh3 f4 45. Be2 Re3 46. Kg4 h5+ 47.
Kxh5 f3 48. Bxf3 Rxf3 49. g4 Rh3+ 50. Kg6 Rd3 51. Rf2 Rxd5 52. Rf7+ Ke6 53. Rf8
Rd2 54. Re8+ Kd7 55. Ra8 Rxb2 56. Rxa6 Bxc3 57. g5 d5 58. Kf7 Rf2+ 59. Kg8 d4
60. g6 d3 61. Ra7+ Ke6 62. Rf7 d2 63. Rxf2 d1=Q 64. g7 Bxg7 0-1

[Event "SR 2. liga A 2016/2017"]
[Site "?"]
[Date "2018.01.14"]
[Round "6.1"]
[White "Bednar, Jan"]
[Black "Janos, Martin"]
[Result "1/2-1/2"]
[WhiteElo "2012"]
[BlackElo "2202"]
[PlyCount "51"]
[EventDate "2017.??.??"]
[WhiteTeam "SK Doprastav Bratislava B"]
[BlackTeam "SK Slovan Bratislava D"]

1. d4 c5 2. d5 e5 3. e4 d6 4. f4 exf4 5. Bxf4 Nf6 6. Nc3 a6 7. a4 Nbd7 8. Nf3
Qe7 9. Bd3 g6 10. O-O Bg7 11. Qd2 Ng4 12. Bg5 f6 13. Bf4 O-O 14. Rae1 Nge5 15.
Nxe5 Nxe5 16. Nd1 Bd7 17. a5 Qd8 18. Ne3 Nf7 19. Nc4 Qc7 20. b4 Bb5 21. Nb6
Rad8 22. bxc5 Qxc5+ 23. Be3 Qc7 24. c4 Be8 25. Rc1 Bd7 26. c5 1/2-1/2

[Event "SR 2. liga A 2016/2017"]
[Site "?"]
[Date "2018.01.14"]
[Round "6.1"]
[White "Kolcak, Marek"]
[Black "Macka, Oto"]
[Result "1-0"]
[WhiteElo "2186"]
[BlackElo "2029"]
[PlyCount "65"]
[EventDate "2017.??.??"]
[WhiteTeam "SK Slovan Bratislava D"]
[BlackTeam "SK Doprastav Bratislava B"]

1. e4 c5 2. Nf3 Nc6 3. d4 cxd4 4. Nxd4 Nf6 5. Nc3 e5 6. Ndb5 d6 7. Bg5 a6 8.
Na3 b5 9. Nd5 Be7 10. Bxf6 Bxf6 11. c4 b4 12. Nc2 a5 13. g3 Bg5 14. Bg2 O-O 15.
O-O Kh8 16. f4 exf4 17. gxf4 Bh6 18. Kh1 f5 19. exf5 Bxf5 20. Nce3 Rc8 21. Nxf5
Rxf5 22. Bh3 Rf8 23. Bxc8 Qxc8 24. Qd3 Nd8 25. Rae1 Ne6 26. Qh3 Nd4 27. Qxc8
Rxc8 28. Re4 Nf5 29. Rfe1 g5 30. Re8+ Rxe8 31. Rxe8+ Kg7 32. fxg5 Bxg5 33. Ra8
1-0

[Event "SR 2. liga A 2016/2017"]
[Site "?"]
[Date "2018.01.14"]
[Round "6.1"]
[White "Prikler, Bruno"]
[Black "Janos, Jozef"]
[Result "1/2-1/2"]
[WhiteElo "2088"]
[BlackElo "2128"]
[PlyCount "80"]
[EventDate "2017.??.??"]
[WhiteTeam "SK Doprastav Bratislava B"]
[BlackTeam "SK Slovan Bratislava D"]

1. c4 e5 2. Nc3 Nc6 3. g3 g6 4. Bg2 Bg7 5. e3 Nge7 6. Nge2 O-O 7. O-O d6 8. d4
exd4 9. Nxd4 Nxd4 10. exd4 Nf5 11. Ne2 Re8 12. Rb1 Qe7 13. Bf3 Qf6 14. d5 Nh4
15. gxh4 Qxf3 16. Ng3 Qxd1 17. Rxd1 Bg4 18. Rf1 Be2 19. Nxe2 Rxe2 20. a4 Re4
21. b3 Rxh4 22. Re1 Be5 23. Bb2 f6 24. Bxe5 fxe5 25. a5 b6 26. a6 Rf8 27. Rb2
Rf3 28. Rc1 Rhf4 29. b4 Ra3 30. c5 Rxa6 31. cxd6 cxd6 32. Rc6 Ra1+ 33. Kg2 Rf6
34. Re2 g5 35. Rxe5 dxe5 36. Rxf6 Rd1 37. d6 Kg7 38. Re6 a5 39. bxa5 bxa5 40.
Rxe5 Kf6 1/2-1/2

[Event "SR 2. liga A 2016/2017"]
[Site "?"]
[Date "2018.01.14"]
[Round "6.1"]
[White "Fabry, Robert"]
[Black "Kosnac, Patrik"]
[Result "1-0"]
[WhiteElo "2102"]
[BlackElo "1944"]
[PlyCount "29"]
[EventDate "2017.??.??"]
[WhiteTeam "SK Slovan Bratislava D"]
[BlackTeam "SK Doprastav Bratislava B"]

1. e4 e6 2. d4 d5 3. Nc3 Nf6 4. Bg5 Be7 5. e5 Nfd7 6. h4 O-O 7. Qg4 Kh8 8. Nf3
c5 9. Bd3 cxd4 10. Bxh7 g6 11. h5 Nxe5 12. Nxe5 Bxg5 13. hxg6 Qf6 14. Nxf7+ Kg7
15. Ne2 1-0

[Event "SR 2. liga A 2016/2017"]
[Site "?"]
[Date "2018.01.14"]
[Round "6.1"]
[White "Mikulas, Dusan"]
[Black "Gzib, David"]
[Result "1/2-1/2"]
[WhiteElo "2058"]
[BlackElo "1871"]
[PlyCount "120"]
[EventDate "2017.??.??"]
[WhiteTeam "SK Slovan Bratislava D"]
[BlackTeam "SK Doprastav Bratislava B"]

1. e4 c5 2. Nf3 Nc6 3. d4 cxd4 4. Nxd4 g6 5. Nc3 Bg7 6. Be3 Nf6 7. Nb3 O-O 8.
Be2 d5 9. exd5 Nb4 10. Bf3 Bf5 11. Nd4 Bc8 12. Nde2 Bg4 13. Bxg4 Nxg4 14. Bd4
Bxd4 15. Nxd4 Nf6 16. O-O Nbxd5 17. Nce2 Qd7 18. Qd2 Rac8 19. c3 Rfd8 20. Rad1
Qa4 21. a3 Qd7 22. f4 Nb6 23. Ng3 Qg4 24. Rde1 Nc4 25. Qf2 Nd5 26. h3 Qd7 27.
Re2 e6 28. Ne4 Kg7 29. Rfe1 a6 30. Ng5 Nc7 31. Qh4 h6 32. Ne4 Nd5 33. Qf2 Qc7
34. Rf1 Nd6 35. Ng3 Nf5 36. Ngxf5+ exf5 37. Re5 Nf6 38. Qg3 Rxd4 39. cxd4 Ne4
40. Qd3 f6 41. Rxe4 fxe4 42. Qxe4 Qd7 43. Re1 Kf7 44. h4 Rd8 45. Rd1 Re8 46.
Qf3 f5 47. h5 Re4 48. hxg6+ Kxg6 49. Qb3 Rxf4 50. d5 Qd6 51. Qg3+ Kf6 52. Qe3
Rh4 53. g3 Rh5 54. Re1 Rg5 55. Qe6+ Qxe6 56. Rxe6+ Kf7 57. Rxh6 Rxg3+ 58. Kf2
Rd3 59. Rb6 Rxd5 60. Rxb7+ Ke6 1/2-1/2

[Event "SR 2. liga A 2016/2017"]
[Site "?"]
[Date "2018.01.14"]
[Round "6.1"]
[White "Goga, Frantisek"]
[Black "Kolman, Richard"]
[Result "0-1"]
[WhiteElo "1872"]
[BlackElo "2017"]
[PlyCount "72"]
[EventDate "2017.??.??"]
[WhiteTeam "SK Doprastav Bratislava B"]
[BlackTeam "SK Slovan Bratislava D"]

1. e4 c5 2. Nf3 e6 3. b3 Nf6 4. e5 Nd5 5. c4 Nc7 6. g3 b6 7. Bg2 Bb7 8. O-O Be7
9. Re1 O-O 10. d4 cxd4 11. Qxd4 Nc6 12. Qg4 f5 13. Qh5 Rb8 14. Ng5 h6 15. Nf3
Kh7 16. Nh4 Bxh4 17. gxh4 Nb4 18. Bxb7 Rxb7 19. Kh1 Nd3 20. Rg1 Nxf2+ 21. Kg2
Ng4 22. Bxh6 g6 23. Qg5 Nxh6 24. Qg3 f4 25. Qf3 Rb8 26. h5 Qg5+ 27. Kf1 Qxh5
28. Qd3 Qf5 29. Qxd7+ Rf7 30. Qd6 Qh3+ 31. Ke1 Qe3+ 32. Kf1 Qc1+ 33. Kf2 Qe3+
34. Kf1 f3 35. Qd2 Nf5 36. Qc3 Qe2# 0-1

[Event "SR 2. liga A 2016/2017"]
[Site "?"]
[Date "2018.01.14"]
[Round "6.1"]
[White "Kuna, Vladimir"]
[Black "Novak, Stanislav"]
[Result "1/2-1/2"]
[WhiteElo "2028"]
[BlackElo "1940"]
[PlyCount "45"]
[EventDate "2017.??.??"]
[WhiteTeam "SK Slovan Bratislava D"]
[BlackTeam "SK Doprastav Bratislava B"]

1. d4 d5 2. Nf3 Nf6 3. c4 e6 4. Nc3 c6 5. Bg5 Be7 6. e3 h6 7. Bh4 O-O 8. Bd3
dxc4 9. Bxc4 b5 10. Bd3 Nbd7 11. O-O a6 12. Ne4 Nxe4 13. Bxe7 Qxe7 14. Bxe4 Bb7
15. Rc1 Rac8 16. a3 Nf6 17. Bb1 c5 18. Qe2 Bxf3 19. Qxf3 cxd4 20. exd4 Rfd8 21.
Qe3 Rxc1 22. Rxc1 Qd6 23. h3 1/2-1/2

[Event "SR 2. liga A 2016/2017"]
[Site "?"]
[Date "2018.01.14"]
[Round "6.2"]
[White "Schwarz, Dusan"]
[Black "Kostolansky, Sebastian Lukas"]
[Result "1-0"]
[WhiteElo "2287"]
[BlackElo "2250"]
[PlyCount "83"]
[EventDate "2017.??.??"]
[WhiteTeam "SK Doprastav Bratislava A"]
[BlackTeam "SK Slovan Bratislava E"]

1. d4 Nf6 2. c4 e6 3. Nc3 d5 4. Bg5 Be7 5. e3 O-O 6. Nf3 b6 7. Qc2 Bb7 8. Bxf6
Bxf6 9. cxd5 exd5 10. Bd3 g6 11. h4 Nd7 12. h5 Kg7 13. O-O-O c5 14. Rh3 c4 15.
hxg6 hxg6 16. Bf5 Rg8 17. Bxd7 Qxd7 18. Ne5 Bxe5 19. dxe5 Rh8 20. Rg3 Rh5 21.
Ne2 c3 22. e6 Qc6 23. bxc3 Rc8 24. Nf4 Rf5 25. exf7 Qxc3 26. Qxc3+ Rxc3+ 27.
Kb2 Rc6 28. Rxd5 Rxd5 29. Nxd5 Rd6 30. Rf3 Rd8 31. e4 Rf8 32. Kc3 Bc8 33. Nc7
Bg4 34. Ne8+ Kh6 35. Rf4 Kg5 36. g3 Bd7 37. Nd6 Be6 38. a3 Kh6 39. e5 Ba2 40.
Rf6 Kg7 41. Ne8+ Kh6 42. e6 1-0

[Event "SR 2. liga A 2016/2017"]
[Site "?"]
[Date "2018.01.14"]
[Round "6.2"]
[White "Jancovic, Peter"]
[Black "Sahidi, Samir"]
[Result "0-1"]
[WhiteElo "2279"]
[BlackElo "2243"]
[PlyCount "172"]
[EventDate "2017.??.??"]
[WhiteTeam "SK Slovan Bratislava E"]
[BlackTeam "SK Doprastav Bratislava A"]

1. d4 Nf6 2. c4 c6 3. Nf3 d5 4. Nc3 dxc4 5. Ne5 Be6 6. e3 Nbd7 7. Nxc4 b5 8.
Nd2 g6 9. Be2 Bg7 10. O-O O-O 11. Bf3 Rc8 12. a3 Nb6 13. b4 Bd5 14. Bb2 a5 15.
Qc2 axb4 16. axb4 Bxf3 17. gxf3 Nfd5 18. Qb3 Qd6 19. Ra6 Rb8 20. Nxd5 cxd5 21.
Qd3 Qd7 22. Kg2 Nc4 23. Bc3 Qb7 24. Ra2 Ra8 25. Rfa1 Rxa2 26. Rxa2 Ra8 27. Qb1
e6 28. Nb3 Rxa2 29. Qxa2 Bf8 30. Nc5 Qc8 31. Qa7 Bd6 32. h3 Kg7 33. f4 h6 34.
Kg1 g5 35. fxg5 hxg5 36. Kg2 Kg6 37. Qd7 Qxd7 38. Nxd7 f6 39. Kf3 Kf5 40. Nc5
Be7 41. Nd3 Nd6 42. Ke2 Nf7 43. Ne1 Nd6 44. Nd3 Nc4 45. Nc5 e5 46. dxe5 fxe5
47. Nd3 Bf6 48. Nc5 d4 49. exd4 exd4 50. Be1 Ne5 51. Bd2 Be7 52. Nd3 Nc4 53.
Be1 Ke4 54. f3+ Kd5 55. f4 Nd6 56. Bd2 gxf4 57. Bxf4 Ne4 58. Be5 Nc3+ 59. Kd2
Na2 60. Bg7 Nc3 61. Kc2 Ne2 62. Kd2 Ng1 63. Nf2 Bh4 64. Nd3 Nxh3 65. Bf8 Ng5
66. Kc2 Ne6 67. Bh6 Bg3 68. Bd2 Bd6 69. Be1 Ng7 70. Nb2 Ke4 71. Nd3 Nf5 72. Kd2
Ne3 73. Nf2+ Kd5 74. Kd3 Bg3 75. Ke2 Bxf2 76. Bxf2 Nc2 77. Bh4 Nxb4 78. Kd2 Kc4
79. Bf6 Nd5 80. Bg7 b4 81. Kc2 d3+ 82. Kd2 Nc3 83. Be5 Ne4+ 84. Ke3 d2 85. Ke2
Kb3 86. Kd1 Ka2 0-1

[Event "SR 2. liga A 2016/2017"]
[Site "?"]
[Date "2018.01.14"]
[Round "6.2"]
[White "Cech, Dominik"]
[Black "Turna, Stefan"]
[Result "0-1"]
[WhiteElo "2174"]
[BlackElo "2180"]
[PlyCount "130"]
[EventDate "2017.??.??"]
[WhiteTeam "SK Doprastav Bratislava A"]
[BlackTeam "SK Slovan Bratislava E"]

1. e4 c5 2. Nf3 d6 3. d4 cxd4 4. Nxd4 Nf6 5. Nc3 e6 6. Be2 Be7 7. O-O a6 8. a4
Nc6 9. Be3 Qc7 10. f4 O-O 11. Kh1 Bd7 12. Nb3 b6 13. Bf3 Rab8 14. g4 Bc8 15. g5
Nd7 16. Bg2 Re8 17. Rf3 Na5 18. Rh3 g6 19. Qg4 Nxb3 20. cxb3 Bb7 21. Rc1 Rbc8
22. Nd5 Qxc1+ 23. Bxc1 Rxc1+ 24. Bf1 Rxf1+ 25. Kg2 Rc1 26. Nc3 d5 27. exd5 Bc5
28. Qe2 Rg1+ 29. Kf3 e5 30. Rg3 Rxg3+ 31. hxg3 Bd4 32. Qd2 Nc5 33. fxe5 Bxe5
34. b4 Nb3 35. Qe3 Nd4+ 36. Kg2 b5 37. axb5 axb5 38. Kf1 Bc8 39. Kg2 Bd7 40.
Nd1 Bg7 41. Qa3 Bg4 42. Ne3 Bf3+ 43. Kf2 h6 44. Qa7 hxg5 45. d6 Bf6 46. d7 Rd8
47. Qc7 Kg7 48. Qd6 Rh8 49. g4 Rd8 50. Kg3 Bc6 51. Nd5 Bxd5 52. Qxd5 Ne6 53.
Qxb5 Nf8 54. Qc6 Rxd7 55. b5 Rd3+ 56. Kf2 Rb3 57. Ke2 Bd4 58. Qc4 Rxb2+ 59. Kd3
Ne6 60. Qc6 Rb4 61. Kc2 Kf6 62. Kd3 Rb3+ 63. Kd2 Ke5 64. Qc4 Rb2+ 65. Kc1 f5
0-1

[Event "SR 2. liga A 2016/2017"]
[Site "?"]
[Date "2018.01.14"]
[Round "6.2"]
[White "Hacik, Radomir"]
[Black "Kleman, Miroslav"]
[Result "0-1"]
[WhiteElo "2145"]
[BlackElo "2233"]
[PlyCount "64"]
[EventDate "2017.??.??"]
[WhiteTeam "SK Slovan Bratislava E"]
[BlackTeam "SK Doprastav Bratislava A"]

1. e4 e5 2. Nf3 f5 3. d4 fxe4 4. Nxe5 Nf6 5. Be2 d6 6. Nc4 d5 7. Ne5 Nc6 8. c4
Bd6 9. Nxc6 bxc6 10. c5 Be7 11. O-O O-O 12. Na3 h6 13. Nc2 Nh7 14. Bg4 Bg5 15.
Be3 Bf4 16. Bxc8 Rxc8 17. Qd2 g5 18. f3 Bxe3+ 19. Nxe3 exf3 20. Rxf3 Rxf3 21.
gxf3 h5 22. Qd3 Qf6 23. Qf5 Rf8 24. Qxf6 Rxf6 25. Kg2 Nf8 26. Rd1 Ng6 27. Kg3
Nh4 28. Rf1 Rf4 29. Nc2 Nf5+ 30. Kg2 Nxd4 31. Nb4 Nf5 32. Nd3 Rd4 0-1

[Event "SR 2. liga A 2016/2017"]
[Site "?"]
[Date "2018.01.14"]
[Round "6.2"]
[White "Vrbova, Niki"]
[Black "Zetocha, Adrian"]
[Result "1-0"]
[WhiteElo "2171"]
[BlackElo "2062"]
[PlyCount "89"]
[EventDate "2017.??.??"]
[WhiteTeam "SK Doprastav Bratislava A"]
[BlackTeam "SK Slovan Bratislava E"]

1. e4 d6 2. d4 Nf6 3. Nd2 g6 4. Bd3 Bg7 5. Ngf3 O-O 6. O-O Nc6 7. c4 a5 8. Re1
e5 9. d5 Ne7 10. c5 dxc5 11. Nxe5 c6 12. dxc6 Nxc6 13. Nxc6 Qxd3 14. Ne7+ Kh8
15. Qf3 Qxf3 16. Nxf3 Be6 17. Bg5 Rfe8 18. Bxf6 Bxf6 19. Nd5 Bxb2 20. Rab1 Bxd5
21. exd5 Rxe1+ 22. Nxe1 Bc3 23. Nc2 Rd8 24. Ne3 Rd7 25. Rb5 Bb4 26. Kf1 Kg7 27.
Ke2 f5 28. g3 Kf6 29. f4 Ke7 30. Rb6 Kd8 31. d6 a4 32. Nc4 Bc3 33. Kd3 Bd4 34.
Ne5 Rg7 35. Kc4 g5 36. Kd5 gxf4 37. gxf4 Be3 38. Ke6 Bxf4 39. Nc4 Bxh2 40. Kxf5
h5 41. Kf6 Rd7 42. Ke6 h4 43. Rb5 Bg1 44. Ra5 Ke8 45. Ra8+ 1-0

[Event "SR 2. liga A 2016/2017"]
[Site "?"]
[Date "2018.01.14"]
[Round "6.2"]
[White "Cambel, Vladimir"]
[Black "Polacik, Igor"]
[Result "0-1"]
[WhiteElo "1997"]
[BlackElo "2177"]
[PlyCount "80"]
[EventDate "2017.??.??"]
[WhiteTeam "SK Slovan Bratislava E"]
[BlackTeam "SK Doprastav Bratislava A"]

1. d4 Nf6 2. Bf4 g6 3. Nc3 d5 4. f3 Bg7 5. e4 e6 6. Qd2 dxe4 7. fxe4 Nh5 8. Be3
e5 9. Nf3 exd4 10. O-O-O c5 11. Bb5+ Bd7 12. Nxd4 cxd4 13. Bxd4 Nc6 14. Bxg7
Nxg7 15. Bxc6 bxc6 16. Qd4 Rg8 17. Rd2 Qc7 18. Rf1 Be6 19. Qc5 Rd8 20. Nb5 Qe7
21. Rxd8+ Qxd8 22. Qxc6+ Kf8 23. Nc7 Bd7 24. Qd5 Qe7 25. Rd1 Be8 26. Qc4 Ne6
27. Nd5 Qc5 28. Qxc5+ Nxc5 29. Nf6 Rh8 30. e5 Ne6 31. c4 Bc6 32. g3 Ke7 33. Rd6
Rc8 34. Kd2 Ng5 35. Ke3 Nf3 36. Rxc6 Rxc6 37. Nd5+ Ke6 38. Kxf3 Rxc4 39. Ne3
Ra4 40. a3 Kxe5 0-1

[Event "SR 2. liga A 2016/2017"]
[Site "?"]
[Date "2018.01.14"]
[Round "6.2"]
[White "Petrik, Stanislav"]
[Black "Sulek, Viliam"]
[Result "0-1"]
[WhiteElo "2138"]
[BlackElo "2002"]
[PlyCount "68"]
[EventDate "2017.??.??"]
[WhiteTeam "SK Doprastav Bratislava A"]
[BlackTeam "SK Slovan Bratislava E"]

1. e4 c5 2. Nf3 Nc6 3. Bb5 Nf6 4. e5 Nd5 5. O-O g6 6. Re1 Bg7 7. c3 O-O 8. d4
cxd4 9. cxd4 Qa5 10. Bc4 e6 11. Bxd5 exd5 12. Nc3 d6 13. h3 dxe5 14. Nxe5 Nxe5
15. dxe5 Be6 16. Bg5 Rac8 17. Qd2 Rc4 18. Be7 Rfc8 19. b4 Qb6 20. Nxd5 Bxd5 21.
Qxd5 Rd4 22. Qf3 Rd2 23. Bc5 Qe6 24. Qxb7 Rcd8 25. Qe4 a6 26. a4 h5 27. Re3
R8d5 28. Bd6 Rxd6 29. Qa8+ Rd8 30. Qe4 R8d5 31. f4 Bf8 32. Rb1 R2d4 33. Qf3 Qf5
34. b5 Qxb1+ 0-1

[Event "SR 2. liga A 2016/2017"]
[Site "?"]
[Date "2018.01.14"]
[Round "6.2"]
[White "Vadila, Ondrej"]
[Black "Krajnak, Robert"]
[Result "1-0"]
[WhiteElo "1979"]
[BlackElo "2014"]
[PlyCount "59"]
[EventDate "2017.??.??"]
[WhiteTeam "SK Slovan Bratislava E"]
[BlackTeam "SK Doprastav Bratislava A"]

1. e4 c5 2. Nf3 e6 3. d4 cxd4 4. Nxd4 Nc6 5. Nc3 d6 6. Be2 Nf6 7. f4 Bd7 8. Be3
Be7 9. O-O O-O 10. Kh1 a6 11. a4 b6 12. Nb3 Qc7 13. g4 Bc8 14. g5 Nd7 15. Bf3
Bb7 16. Bg2 Rfe8 17. Qh5 Bf8 18. Rf3 g6 19. Qh4 Rab8 20. Raf1 Ba8 21. f5 Nde5
22. Rh3 h5 23. gxh6 Kh7 24. fxg6+ fxg6 25. Nd4 Na5 26. Rxf8 Nac4 27. Rxe8 Rxe8
28. b3 Nxe3 29. Rxe3 Qc5 30. Qf6 1-0

[Event "SR 2. liga A 2016/2017"]
[Site "?"]
[Date "2018.01.14"]
[Round "6.3"]
[White "Gasa, Patrik"]
[Black "Straka, Jozef"]
[Result "1/2-1/2"]
[WhiteElo "2103"]
[BlackElo "2279"]
[PlyCount "53"]
[EventDate "2017.??.??"]
[WhiteTeam "SK Lowe Piestany"]
[BlackTeam "SK Nafta Gbely"]

1. e4 c5 2. Nf3 Nc6 3. d4 cxd4 4. Nxd4 e5 5. Nb5 a6 6. Nd6+ Bxd6 7. Qxd6 Qe7 8.
Qd1 Nf6 9. Nc3 d6 10. Be2 Be6 11. Be3 O-O 12. h3 Rac8 13. Bf3 Na5 14. O-O Nc4
15. Bc1 b5 16. a3 Qb7 17. Re1 Rfd8 18. Qd3 Nd7 19. Rb1 Nc5 20. Qe2 Na4 21. Nd1
Ncb6 22. b3 Nc3 23. Nxc3 Rxc3 24. Bb2 Rc6 25. Red1 Qc7 26. Rd2 Rc8 27. Rbd1
1/2-1/2

[Event "SR 2. liga A 2016/2017"]
[Site "?"]
[Date "2018.01.14"]
[Round "6.3"]
[White "Matejovic, Juraj"]
[Black "Nemsak, Denis"]
[Result "1-0"]
[WhiteElo "2234"]
[BlackElo "1979"]
[PlyCount "53"]
[EventDate "2017.??.??"]
[WhiteTeam "SK Nafta Gbely"]
[BlackTeam "SK Lowe Piestany"]

1. e4 d5 2. exd5 Nf6 3. d4 Nxd5 4. c4 Nb6 5. c5 Nd5 6. Nf3 g6 7. h3 Bg7 8. Bc4
O-O 9. O-O Nc6 10. Re1 b6 11. cxb6 axb6 12. Nc3 Be6 13. Rxe6 fxe6 14. Ng5 Nxd4
15. Nxe6 Nxe6 16. Bxd5 Bxc3 17. Bxe6+ Kg7 18. Qxd8 Raxd8 19. bxc3 Rd1+ 20. Kh2
Rd6 21. Bg4 Rxf2 22. Be3 Rc2 23. Bf4 Rd5 24. Bxc7 e5 25. Bxb6 Rdd2 26. Bf3 Rxc3
27. Ba5 1-0

[Event "SR 2. liga A 2016/2017"]
[Site "?"]
[Date "2018.01.14"]
[Round "6.3"]
[White "Bincik, Pavol"]
[Black "Danada, Tomas"]
[Result "0-1"]
[WhiteElo "1938"]
[BlackElo "2259"]
[PlyCount "74"]
[EventDate "2017.??.??"]
[WhiteTeam "SK Lowe Piestany"]
[BlackTeam "SK Nafta Gbely"]

1. d4 d5 2. c4 e6 3. Nc3 Bb4 4. Bd2 Nf6 5. e3 O-O 6. a3 Be7 7. Nf3 Nbd7 8. Bd3
dxc4 9. Bxc4 c5 10. O-O a6 11. Ne2 Ne4 12. Qc2 Nxd2 13. Nxd2 cxd4 14. Nxd4 g6
15. Ne4 Qb6 16. b4 Nf6 17. Rfd1 Rd8 18. Nb3 Bd7 19. Nbc5 Bc6 20. Rxd8+ Rxd8 21.
Nxf6+ Bxf6 22. Rd1 Rxd1+ 23. Qxd1 Qc7 24. Nd3 Qd6 25. Bb3 Kf8 26. g3 Ke7 27. f3
h5 28. Kf2 h4 29. f4 g5 30. Nc5 Qb8 31. Qd2 Qh8 32. g4 h3 33. Bd1 Qh4+ 34. Kg1
gxf4 35. e4 Bd4+ 36. Kh1 Be3 37. Qe2 Bb5 0-1

[Event "SR 2. liga A 2016/2017"]
[Site "?"]
[Date "2018.01.14"]
[Round "6.3"]
[White "Sosovicka, Juraj"]
[Black "Matulik, Daniel"]
[Result "1-0"]
[WhiteElo "2131"]
[BlackElo "2116"]
[PlyCount "127"]
[EventDate "2017.??.??"]
[WhiteTeam "SK Nafta Gbely"]
[BlackTeam "SK Lowe Piestany"]

1. b3 d5 2. Bb2 Nf6 3. Nf3 Bg4 4. g3 Nbd7 5. Bg2 c6 6. O-O e6 7. d4 Be7 8. c4
O-O 9. Nc3 h6 10. Rc1 Re8 11. Re1 Rc8 12. e4 dxe4 13. Nxe4 Nxe4 14. Rxe4 Bf5
15. Re1 Bf6 16. Nd2 b6 17. Ne4 Bxe4 18. Rxe4 c5 19. Re2 cxd4 20. Bxd4 Bxd4 21.
Qxd4 Nf6 22. Rd2 Qxd4 23. Rxd4 Kf8 24. Rcd1 Ke7 25. f4 Red8 26. Bf3 Rxd4 27.
Rxd4 Rd8 28. Rxd8 Kxd8 29. Kf2 Ke7 30. Ke3 Kd6 31. Kd4 Nd7 32. b4 a5 33. a3
axb4 34. axb4 f6 35. Be2 g6 36. h4 e5+ 37. Ke3 Nb8 38. Bd3 g5 39. fxg5 fxg5 40.
hxg5 hxg5 41. Ke4 Nc6 42. b5 Nb4 43. Bf1 Nc2 44. Bh3 Nd4 45. Bg4 Kc5 46. Kxe5
Kxc4 47. Kf6 Kxb5 48. Kxg5 Kc5 49. Kf6 Kd6 50. Bd1 b5 51. g4 Ne6 52. Bb3 Nf4
53. g5 Nh5+ 54. Kg6 Nf4+ 55. Kf5 Nh5 56. Bd1 Ng3+ 57. Kf4 Nf1 58. g6 Ke7 59.
Kg5 Ng3 60. Bc2 b4 61. g7 Kf7 62. Kh6 Nh5 63. Bb3+ Kf6 64. g8=Q 1-0

[Event "SR 2. liga A 2016/2017"]
[Site "?"]
[Date "2018.01.14"]
[Round "6.3"]
[White "Mihalik, Marek"]
[Black "Pribila, Gerhard"]
[Result "1/2-1/2"]
[WhiteElo "2004"]
[BlackElo "2117"]
[PlyCount "101"]
[EventDate "2017.??.??"]
[WhiteTeam "SK Lowe Piestany"]
[BlackTeam "SK Nafta Gbely"]

1. d4 Nf6 2. c4 c5 3. d5 e6 4. Nc3 exd5 5. cxd5 d6 6. e4 g6 7. h3 Bg7 8. Nf3
O-O 9. Bd3 b5 10. O-O b4 11. Ne2 Re8 12. Ng3 Ba6 13. Bxa6 Nxa6 14. Qd3 Qc8 15.
Nd2 Nd7 16. f4 Nb6 17. Nc4 Nxc4 18. Qxc4 Bd4+ 19. Kh2 Nc7 20. Rb1 Qd7 21. Rf3
Qb5 22. Qxb5 Nxb5 23. Be3 Re7 24. f5 Be5 25. fxg6 fxg6 26. Bf4 Rf8 27. Bxe5
Rxe5 28. Rbf1 Ree8 29. Ne2 c4 30. Kg1 Rxf3 31. gxf3 a5 32. Rc1 Rc8 33. Kf2 a4
34. Ke3 a3 35. bxa3 Nxa3 36. Nd4 Ra8 37. Nc2 b3 38. axb3 cxb3 39. Nxa3 Rxa3 40.
Rc8+ Kf7 41. Rb8 g5 42. e5 dxe5 43. Ke4 Ke7 44. Kxe5 b2 45. Rxb2 Re3+ 46. Kd4
Rxf3 47. Rb7+ Kd6 48. Rb6+ Kd7 49. Rh6 Rf4+ 50. Ke5 Rh4 51. Rxh4 1/2-1/2

[Event "SR 2. liga A 2016/2017"]
[Site "?"]
[Date "2018.01.14"]
[Round "6.3"]
[White "Pribila, Michal"]
[Black "Manak, Jozef"]
[Result "0-1"]
[WhiteElo "2071"]
[BlackElo "1959"]
[PlyCount "50"]
[EventDate "2017.??.??"]
[WhiteTeam "SK Nafta Gbely"]
[BlackTeam "SK Lowe Piestany"]

1. e4 c5 2. Nc3 Nc6 3. Nf3 d6 4. d4 cxd4 5. Nxd4 Nf6 6. Bb5 Bd7 7. O-O a6 8.
Nxc6 bxc6 9. Bc4 e6 10. Bg5 Be7 11. Bxf6 gxf6 12. Qg4 Bf8 13. Rfe1 Qa5 14. Re3
h5 15. Qe2 h4 16. a3 Rg8 17. b4 Qg5 18. g3 Bc8 19. Qd3 Be7 20. Ne2 e5 21. f4
exf4 22. Rf3 fxg3 23. hxg3 Bg4 24. Rf2 Bxe2 25. Rxe2 Qe5 0-1

[Event "SR 2. liga A 2016/2017"]
[Site "?"]
[Date "2018.01.14"]
[Round "6.3"]
[White "Manak, Adrian"]
[Black "Nadzamova, Sofia"]
[Result "1-0"]
[WhiteElo "1940"]
[BlackElo "1856"]
[PlyCount "67"]
[EventDate "2017.??.??"]
[WhiteTeam "SK Lowe Piestany"]
[BlackTeam "SK Nafta Gbely"]

1. e4 c5 2. Nf3 Nc6 3. d4 cxd4 4. Nxd4 e5 5. Nb5 d6 6. N1c3 a6 7. Na3 b5 8. Nd5
Be7 9. Bd3 Nf6 10. c3 Be6 11. Qf3 O-O 12. Nc2 Bxd5 13. exd5 Na5 14. O-O Qc7 15.
Re1 Rfc8 16. Bg5 Nxd5 17. Be4 Bxg5 18. Qf5 h6 19. Qh7+ Kf8 20. Bxd5 Rab8 21.
Qh8+ Ke7 22. Qxg7 Rf8 23. Nb4 Qb6 24. Rad1 Rbc8 25. Rxe5+ Kd7 26. Rf5 Kc7 27.
Bxf7 Kb8 28. Qh7 Rcd8 29. Bd5 Rde8 30. Rxf8 Rxf8 31. Bf3 Nc4 32. Nc6+ Ka8 33.
Ne5+ d5 34. Bxd5+ 1-0

[Event "SR 2. liga A 2016/2017"]
[Site "?"]
[Date "2018.01.14"]
[Round "6.3"]
[White "Ambros, Rafael"]
[Black "Slaba, Andrea"]
[Result "1/2-1/2"]
[WhiteElo "1982"]
[BlackElo "1922"]
[PlyCount "67"]
[EventDate "2017.??.??"]
[WhiteTeam "SK Nafta Gbely"]
[BlackTeam "SK Lowe Piestany"]

1. e4 e6 2. d4 d5 3. Nd2 Nc6 4. c3 e5 5. exd5 Qxd5 6. dxe5 Nxe5 7. Ngf3 Nxf3+
8. Qxf3 Qxf3 9. Nxf3 Bd6 10. Bc4 f6 11. O-O Bg4 12. Re1+ Ne7 13. Nd4 O-O-O 14.
Nb5 Nc6 15. h3 Bd7 16. Nxd6+ cxd6 17. f4 Rhe8 18. Bd2 Bf5 19. Bd5 Kd7 20. b3
Bd3 21. Kf2 Bf5 22. g4 Be6 23. Bf3 f5 24. Be3 b6 25. Rad1 Kc7 26. Rd2 g6 27. g5
Bc8 28. h4 Bb7 29. Rde2 Kd7 30. b4 Re7 31. a4 Rde8 32. h5 Nd8 33. h6 Bxf3 34.
Kxf3 1/2-1/2

[Event "SR 2. liga A 2016/2017"]
[Site "?"]
[Date "2018.01.14"]
[Round "6.4"]
[White "Lanc, Alois"]
[Black "Jozefek, Michal"]
[Result "1-0"]
[WhiteElo "2294"]
[BlackElo "2207"]
[PlyCount "61"]
[EventDate "2017.??.??"]
[WhiteTeam "Lokomotiva Trnava B"]
[BlackTeam "SK Osuske B"]

1. e4 c5 2. Nf3 d6 3. d4 cxd4 4. Nxd4 Nf6 5. Nc3 Nc6 6. Bc4 e6 7. Be3 a6 8. Bb3
Qc7 9. O-O b5 10. Nxc6 Qxc6 11. f3 Bb7 12. a4 b4 13. a5 Qc7 14. Na4 d5 15. Nb6
Bc5 16. Bxc5 Qxc5+ 17. Kh1 Rd8 18. e5 Nd7 19. Nxd7 Rxd7 20. Qe1 Bc6 21. f4 g6
22. Qh4 h5 23. Rf3 Rb7 24. c3 Kd7 25. Rd1 Bb5 26. Qf6 Rf8 27. cxb4 Qxb4 28. Rc3
Rc7 29. Bxd5 exd5 30. Rxd5+ Kc8 31. Rxc7+ 1-0